Accounting and financial reporting for environmental costs and liabilities

Enregistré dans:
Détails bibliographiques
Format: Livre
Langue:thaï
japonais
anglais
russe
espagnol
Publié: New York United Nations / United Nations Conference on Trade and Development 1999
Sujets:
Tags: Ajouter un tag
Pas de tags, Soyez le premier à ajouter un tag!

MARC

LEADER 00000nam a2200000 4500
001 c124695
005 20240104114511.1
020 |a 92-1-012041-8 
041 0 |a tha 
041 0 |a jpn 
041 0 |a eng 
041 0 |a rus 
041 0 |a spa 
044 |a US 
245 1 0 |a Accounting and financial reporting for environmental costs and liabilities 
264 1 |a New York  |b United Nations / United Nations Conference on Trade and Development  |c 1999 
300 |a 176 s. 
610 2 0 |a prostredie životné 
610 2 0 |a náklady 
610 2 0 |a ekológia 
610 2 0 |a evidencia účtovná 
610 2 0 |a záväzky 
610 2 0 |a dlhy 
610 2 0 |a spolupráca medzinárodná 
610 2 0 |a porovnanie medzinárodné 
610 2 0 |a výkazníctvo finančné 
610 2 0 |a OSN